[Event "Olympiad Women 2024"]
[Site "Budapest HUN"]
[Date "2024.09.15"]
[Round "5.30"]
[Board "3"]
[White "De Rycke, Tyani"]
[Black "Nel, Hayley"]
[Result "1-0"]
[WhiteElo "2110"]
[BlackElo "1753"]
[PlyCount "83"]
[EventDate "2024.09.11"]
[WhiteTeam "Belgium"]
[BlackTeam "South Africa"]
[WhiteTeamCountry "BEL"]
[BlackTeamCountry "RSA"]

1. e4 c6 2. d4 d5 3. Nc3 dxe4 4. Nxe4 Nd7 5. Bd3 Ngf6 6. Nxf6+ Nxf6 7. Ne2 ({RR} 7. c3 Bg4 8. Qb3 Qd7 9. Ne2 e5 10. f3 Be6 11. Qc2 exd4 12. Nxd4 O-O-O 13. Bg5 Bc5 14. O-O-O Bxd4 15. Be4 Nxe4 16. Qxe4 Qd5 17. Bxd8 Qxe4 18. fxe4 Be3+ 19. Kc2 Rxd8 20. Rxd8+ Kxd8 21. b3 Bf4 {0-1 Sviridov,V (2562)-Maletin,P (2586) Barnaul Kura Memorial rapid 2021 (5)}) 7... Bf5 ({RR} 7... Bg4 8. c3 e6 9. O-O Be7 10. Qc2 Bh5 11. Ng3 Bg6 12. Bxg6 hxg6 13. h3 O-O 14. Bd2 Qc7 15. Bg5 Rfd8 16. Bxf6 gxf6 17. Rfe1 Kg7 18. Rad1 c5 19. dxc5 Bxc5 20. Ne4 Be7 21. c4 Rac8 22. Rxd8 {½-½ Chen,Z-Wang,Z (1479) Chinese Youth U16 2024 (3.18)}) 8. O-O Bxd3 9. Qxd3 g6 $146 ({RR} 9... e6 10. Bg5 Be7 11. Rad1 Qa5 12. Bxf6 Bxf6 13. Qc4 O-O 14. Ng3 Qd5 15. Qxd5 cxd5 16. Nh5 Be7 17. Nf4 b5 18. Rd3 b4 19. Ne2 Rfc8 20. c3 Rab8 21. b3 bxc3 22. Rc1 Bb4 23. Rc2 a5 24. Kf1 {0-1 Kuenzner,F (2300)-Arkell,K (2455) Isle of Man op 1993}) ({RR} 9... e6 10. b3 Be7 11. Bb2 O-O 12. Rfd1 Qc7 13. Qf3 a5 14. a3 Rfd8 15. Ng3 b5 16. Ne4 Nxe4 17. Qxe4 Bf6 18. Rd3 c5 19. Rad1 Rac8 20. c4 bxc4 21. bxc4 h6 22. Qf3 Rb8 23. Bc1 Bxd4 24. Qg4 {0-1 Leonel,D-Mafra,K Florianopolis op 1999 (5)}) ({RR} 9... e6 10. c4 g6 11. Bd2 Bg7 12. Bb4 a5 13. Ba3 Bf8 14. Bxf8 Kxf8 15. Rad1 Kg7 16. Nc3 Qc7 17. Ne4 Nxe4 18. Qxe4 Rhd8 19. Rd3 a4 20. Rfd1 Ra5 21. g3 Rf5 22. Kg2 h5 23. Rf3 Rxf3 24. Qxf3 {0-1 Radzhabov,R (2366)-Pridorozhni,A (2593) Urals-ch 77th 2019 (4)}) 10. Bf4 Bg7 11. Rad1 O-O 12. c4 Qa5 13. Be5 b5 14. a3 Rfd8 15. Rc1 Nd7 16. Bxg7 Kxg7 17. Qe4 Nb6 18. cxb5 cxb5 19. Qe5+ Kg8 20. Nc3 Nc4 21. Qxe7 Rxd4 22. Qc5 Rdd8 23. b4 Qb6 24. Nxb5 Nd6 25. Nxd6 Rxd6 26. g3 Rd3 27. a4 Qb7 28. Rfd1 Rxd1+ 29. Rxd1 Rc8 30. Qd4 Qf3 31. Qd3 Qg4 32. Qd7 Qc4 33. Rd4 Qc1+ 34. Kg2 Qc3 35. b5 Qc7 36. a5 Qb8 37. b6 axb6 38. axb6 Kg7 39. Rf4 Rf8 40. b7 Qd8 41. Rxf7+ Kh6 42. Qh3+ 1-0

[Event "Olympiad Women 2024"]
[Site "Budapest HUN"]
[Date "2024.09.15"]
[Round "5.30"]
[Board "4"]
[White "Strong, Davida"]
[Black "Musabayeva, Diana"]
[Result "0-1"]
[WhiteElo "1733"]
[BlackElo "1911"]
[PlyCount "36"]
[EventDate "2024.09.11"]
[WhiteTeam "South Africa"]
[BlackTeam "Belgium"]
[WhiteTeamCountry "RSA"]
[BlackTeamCountry "BEL"]

1. d4 Nf6 2. c4 e6 3. Nc3 Bb4 4. Qc2 d5 5. cxd5 exd5 6. Bf4 c6 7. e3 O-O 8. Bd3 Re8 9. Nf3 ({RR} 9. Nge2 Nbd7 10. O-O Nf8 11. a3 Bd6 12. b4 Ne6 13. Bg3 a6 14. Rfd1 g6 15. Rab1 Bxg3 16. Nxg3 h5 17. a4 h4 18. Nf1 h3 19. g3 Ng5 20. f4 Nge4 21. Nxe4 Nxe4 22. b5 cxb5 23. axb5 a5 {½-½ Knaak,R (2441)-Meissner,F (2382) 11th Arber Open 2024 (9.1)}) 9... Nbd7 10. a3 Be7 11. Ng5 $146 ({RR} 11. O-O Nf8 12. h3 Ng6 13. Bh2 Bd6 14. Bxd6 Qxd6 15. b4 a5 16. Rab1 Bd7 17. Na4 Ne4 18. Nc5 Qe7 19. Bxe4 dxe4 20. Ne5 Nxe5 21. dxe5 Bc8 22. Qxe4 Qxe5 23. Qxe5 Rxe5 24. Rbd1 Re8 {½-½ Daneshvar,B (2311)-Pourramezanali,A (2488) Moscow op-A 16th 2020 (2)}) ({RR} 11. O-O Nf8 12. h3 Ng6 13. Bg5 Be6 14. Rad1 Nd7 15. Bxe7 Qxe7 16. e4 dxe4 17. Nxe4 Nf4 18. Neg5 h6 19. Nxe6 Qxe6 20. Bh7+ Kh8 21. Bf5 Qd6 22. Bxd7 Qxd7 23. Ne5 Qd5 24. f3 Kg8 25. Rfe1 Ne6 {0-1 Lozano Cedeno,J (1790)-Principe,G (2130) Pan American-ch U20 2011 (1)}) 11... h6 12. Bh7+ Kf8 13. Nxf7 Kxf7 14. Qg6+ Ke6 15. Bg3 Bd6 16. f4 Nf8 17. f5+ Kd7 18. Qxg7+ Re7 0-1

[Event "Olympiad Women 2024"]
[Site "Budapest HUN"]
[Date "2024.09.15"]
[Round "5.31"]
[Board "3"]
[White "Vasquez Jaen, Lourdes Lorena"]
[Black "Simkunaite, Gabija"]
[Result "1/2-1/2"]
[WhiteElo "1821"]
[BlackElo "2005"]
[PlyCount "92"]
[EventDate "2024.09.11"]
[WhiteTeam "Panama"]
[BlackTeam "Lithuania"]
[WhiteTeamCountry "PAN"]
[BlackTeamCountry "LTU"]

1. e4 e5 2. Nf3 Nf6 3. d3 Nc6 4. g3 d6 5. Bg2 Bg4 6. c3 ({RR} 6. h3 Bh5 7. g4 Bg6 8. Nc3 Nd7 9. Be3 f6 10. Nh4 Bf7 11. Nf5 h5 12. Qd2 h4 13. d4 g6 14. d5 Ncb8 15. O-O gxf5 16. exf5 Nb6 17. b3 c6 18. Rad1 Be7 19. a4 Qd7 20. dxc6 bxc6 {½-½ Satyapragyan,S (2406)-Karthikeyan,P (2327) IND-ch Velammal 45th 2008 (13)}) ({RR} 6. h3 Be6 7. Nc3 h6 8. d4 exd4 9. Nxd4 Nxd4 10. Qxd4 Be7 11. Be3 Nd7 12. O-O-O Bf6 13. Qd2 Ne5 14. b3 Nc6 15. Kb1 O-O 16. f4 a5 17. a4 Nb4 18. Nb5 Qc8 19. g4 Ra6 20. Qe2 Bd7 {0-1 Shohat,Y (2302)-Badelka,O (2428) 23rd ch-EUR Indiv 2023 (10.113)}) 6... Qd7 7. h3 $146 ({RR} 7. Nbd2 Be7 8. Nf1 Bh3 9. Bxh3 Qxh3 10. Ne3 O-O 11. Nf5 d5 12. Qe2 dxe4 13. dxe4 Bc5 14. Bg5 Ng4 15. Rf1 g6 16. N5h4 Nxh2 17. Nxh2 Qxh2 18. O-O-O Bb6 19. Bf6 Qh3 20. Kb1 Qe6 21. Qf3 Bc5 {½-½ Caruso,D-Bellemo,L Conca della Presolana op 6th 1984}) ({RR} 7. O-O O-O-O 8. Be3 h5 9. Bg5 Be7 10. Nbd2 Nh7 11. Bxe7 Qxe7 12. Qa4 Bd7 13. b4 a6 14. c4 Nb8 15. b5 Rdf8 16. Qb4 b6 17. bxa6 Nxa6 18. Qa3 Kb7 19. d4 f6 20. Rab1 Ra8 21. Qb2 Rhb8 {1-0 Samano,B-Moorehouse,D London-chB London,Canada 1994 (2)}) ({RR} 7. O-O h6 8. Re1 O-O-O 9. Qa4 a6 10. d4 exd4 11. cxd4 Kb8 12. Nc3 Bh3 13. b4 Bxg2 14. Kxg2 g5 15. Rb1 g4 16. Nd2 Nxd4 17. b5 Nxb5 18. Rxb5 axb5 19. Nxb5 Qc6 20. Qa7+ Kc8 21. Qa4 Qa6 {0-1 Lacina,V-Linhart,Z (1945) Chrudim op 2001}) 7... Bxf3 8. Qxf3 Be7 9. Nd2 Rd8 10. Nc4 d5 11. exd5 Nxd5 12. O-O Nb6 13. Re1 Nxc4 14. dxc4 O-O 15. Be3 Qe6 16. Qe2 Kh8 17. Kh2 f5 18. Bd4 e4 19. Rad1 Nxd4 20. Rxd4 Rxd4 21. cxd4 Bf6 22. d5 Qb6 23. f3 Be5 24. fxe4 f4 25. gxf4 Rxf4 26. Kh1 Qg6 27. Rf1 Qg3 28. Rxf4 Qxf4 29. Bf1 g5 30. Qg2 Kg7 31. b3 h6 32. Be2 b6 33. Bf1 Kg6 34. Be2 h5 35. Bd1 a5 36. Be2 Kh6 37. Bd1 Kg6 38. Be2 Kh6 39. Bd1 Bd6 40. Be2 Kg6 41. Bd1 h4 42. Be2 Kh6 43. Bd1 Kg7 44. Be2 Be5 45. Bd1 Qe3 46. Qg4 Bf6 1/2-1/2

[Event "Olympiad Women 2024"]
[Site "Budapest HUN"]
[Date "2024.09.15"]
[Round "5.31"]
[Board "4"]
[White "Sibajeva, Marija"]
[Black "Caicedo Rios, Layla Yasmira"]
[Result "1-0"]
[WhiteElo "2007"]
[BlackElo "1803"]
[PlyCount "47"]
[EventDate "2024.09.11"]
[WhiteTeam "Lithuania"]
[BlackTeam "Panama"]
[WhiteTeamCountry "LTU"]
[BlackTeamCountry "PAN"]

1. e4 c5 2. Nf3 d6 3. d4 cxd4 4. Nxd4 Nf6 5. Nc3 a6 6. h3 e5 7. Nb3 Be6 8. f4 Nc6 ({RR} 8... g6 9. Be2 Nbd7 10. O-O Rc8 11. Be3 Be7 12. f5 Bc4 13. Bxc4 Rxc4 14. Qd3 b5 15. a4 O-O 16. axb5 axb5 17. Na5 Rc8 18. Nxb5 Nc5 19. Bxc5 dxc5 20. Nc4 Rb8 21. Qxd8 Rfxd8 22. Nc3 Rd4 23. Nxe5 {½-½ So,W (2767)-Vachier Lagrave,M (2774) chess.com Speed blitz 2019 (2.4)}) 9. Be2 ({RR} 9. f5 Bxb3 10. axb3 d5 11. exd5 Nd4 12. Qd3 Rc8 13. Be3 Bc5 14. O-O-O O-O 15. Kb1 b5 16. Be2 Qc7 17. Bf3 h6 18. Bxd4 exd4 19. Ne4 Nxd5 20. Nxc5 Qxc5 21. Bxd5 Qxd5 22. g4 Qc6 23. Rh2 Rcd8 {1-0 Zemlyanskii,I (2516)-Aditya,M (2608) 7th Sharjah Masters 2024 (6.26)}) 9... exf4 10. Bxf4 d5 $146 ({RR} 10... Be7 11. O-O Ne5 12. Kh1 O-O 13. Qd2 Rc8 14. Rad1 b5 15. Qe3 Qc7 16. Bxe5 dxe5 17. Nd5 Bxd5 18. exd5 Qxc2 19. d6 Bd8 20. Rc1 Bb6 21. Qxb6 Qxe2 22. Rcd1 Rc2 23. Rg1 Ne4 24. d7 Nf2+ 25. Kh2 {1-0 Nayem,H (2031)-Garcia Blanco,O (2359) Titled Tuesday intern op 01st Sept blitz 2020 (5)}) ({RR} 10... Be7 11. Qd2 O-O 12. O-O-O Rc8 13. g4 Nb4 14. Kb1 a5 15. Nd4 Rxc3 16. Nxe6 fxe6 17. Qxc3 Nxe4 18. Qe3 d5 19. c3 Nc6 20. Rdf1 Bc5 21. Qc1 Qb6 22. Ka1 a4 23. Rf3 Na5 24. Kb1 Nc6 25. Be3 {1-0 Akin,Y (1815)-Tayhan,S (1734) TUR-chT2 Konya 2017 (3.5)}) ({RR} 10... Ne5 11. O-O Be7 12. Kh1 O-O 13. Nd4 Qc8 14. Nxe6 Qxe6 15. Bxe5 dxe5 16. Qe1 Bb4 17. a3 Bxc3 18. Qxc3 Nxe4 19. Qf3 Nf6 20. Qg3 Rac8 21. c3 Rfe8 22. Rad1 Rcd8 23. Qe3 Rxd1 24. Rxd1 Qc6 25. Bf3 {0-1 Saypuri,S (2145)-Montano Vicente,G (1734) Titled Tue 15th Aug Early 2023 (10)}) 11. exd5 Nxd5 12. Nxd5 Qxd5 13. Qxd5 Bxd5 14. O-O Be7 15. Rad1 Be6 16. Bf3 O-O 17. Bxc6 bxc6 18. Bd6 Rfe8 19. Bxe7 Rxe7 20. Rd6 Rc7 21. Nc5 Bc4 22. Rf4 Bxa2 23. b3 Re8 24. Rf1 1-0

[Event "Olympiad Women 2024"]
[Site "Budapest HUN"]
[Date "2024.09.15"]
[Round "5.32"]
[Board "1"]
[White "Samaganova, Aleksandra"]
[Black "De Blecourt, Sandra"]
[Result "0-1"]
[WhiteElo "1948"]
[BlackElo "2065"]
[PlyCount "94"]
[EventDate "2024.09.11"]
[WhiteTeam "Kyrgyzstan"]
[BlackTeam "Denmark"]
[WhiteTeamCountry "KGZ"]
[BlackTeamCountry "DEN"]

1. c4 c5 2. Nc3 Nc6 3. g3 g6 4. Bg2 Bg7 5. e4 d6 6. d3 e6 7. Nge2 Nge7 8. O-O O-O 9. a3 b6 10. Rb1 Bb7 11. b4 Qd7 12. Be3 Nd4 13. f4 ({RR} 13. Kh1 Rfd8 14. f4 Nxe2 15. Nxe2 Rac8 16. Qb3 f5 17. Rfe1 Kh8 18. Rbd1 Bc6 19. Rc1 Ng8 20. Nc3 Nf6 21. Bg1 Re8 22. Qa2 e5 23. fxe5 Rxe5 24. exf5 Bxg2+ 25. Qxg2 Rxe1 26. Rxe1 Qxf5 27. Ne4 Nxe4 {½-½ Miezis,N (2579)-Jankovic,A (2540) Dubai op 11th 2009 (8)}) 13... f5 14. Bf2 Nec6 $146 ({RR} 14... Rae8 15. Nxd4 cxd4 16. Nb5 Nc6 17. c5 dxc5 18. bxc5 bxc5 19. e5 Rb8 20. Qc2 Nxe5 21. Qxc5 Bxg2 22. Kxg2 Nxd3 23. Qd6 Rfd8 24. Qa6 Qd5+ 25. Kh3 Rb6 {0-1 Varoquier,R (2130)-Konguvel,P (2368) Lille Luce op 7th 2016 (2)}) ({RR} 14... Rad8 15. Nxd4 cxd4 16. Nb5 Nc6 17. a4 e5 18. fxe5 dxe5 19. exf5 gxf5 20. Bd5+ Kh8 21. g4 a6 22. Na3 e4 23. gxf5 e3 24. Bh4 Bf6 25. Bxf6+ Rxf6 26. Qh5 Ne5 27. Qh4 Qg7+ 28. Qg3 Bxd5 29. cxd5 {0-1 Dudzinski,P (2186)-Shankland,S (2710) Titled Tue 28th Mar Late 2023 (2)}) ({RR} 14... Rae8 15. Nxd4 cxd4 16. Ne2 e5 17. a4 Kh8 18. a5 Ng8 19. Bh3 Qc7 20. axb6 axb6 21. fxe5 dxe5 22. Qc2 Nf6 23. Bg2 Ng4 24. h3 Nxf2 25. Rxf2 Bh6 26. Kh2 Be3 27. Rff1 h5 28. Bf3 Rf6 29. exf5 {0-1 Williams,S (2225)-Leko,P (2555) Canaries ol U16 1995}) ({RR} 14... Nxe2+ 15. Nxe2 Rac8 16. Qb3 h6 17. Be3 Kh7 18. h3 Rfd8 19. Rfd1 Re8 20. Kh2 Ng8 21. bxc5 dxc5 22. d4 cxd4 23. Nxd4 Bxd4 24. Rxd4 Qe7 25. e5 Bxg2 26. Kxg2 Red8 27. Rbd1 Rxd4 28. Rxd4 Rd8 29. Qb4 {½-½ Bosman,M (2300)-Van der Vliet,F (2330) NED-chT Netherlands 1997}) 15. h3 Nxe2+ 16. Nxe2 e5 17. Qd2 Rae8 18. Kh2 Nd8 19. fxe5 Bxe5 20. Be3 fxe4 21. Rxf8+ Rxf8 22. dxe4 Qe6 23. Qd3 Re8 24. Re1 Nf7 25. Bd2 g5 26. Nc3 Bd4 27. Nd5 Ne5 28. Qe2 Rf8 29. Rf1 Rxf1 30. Qxf1 h6 31. Qe2 Kg7 32. a4 Qf7 33. Be1 Bc8 34. b5 g4 35. h4 Nf3+ 36. Bxf3 gxf3 37. Qf1 f2 38. Bd2 Qf3 39. Nf4 Qxe4 40. Nh5+ Kg6 41. Nf4+ Kh7 42. Nd5 Bf5 43. Be3 Qf3 44. Bxd4 cxd4 45. Nf4 d3 46. c5 dxc5 47. Ng2 Qe2 0-1

[Event "Olympiad Women 2024"]
[Site "Budapest HUN"]
[Date "2024.09.15"]
[Round "5.32"]
[Board "3"]
[White "Lesbekova, Assel"]
[Black "Guindy, Esmat Susanne"]
[Result "1-0"]
[WhiteElo "1903"]
[BlackElo "2015"]
[PlyCount "121"]
[EventDate "2024.09.11"]
[WhiteTeam "Kyrgyzstan"]
[BlackTeam "Denmark"]
[WhiteTeamCountry "KGZ"]
[BlackTeamCountry "DEN"]

1. e4 e6 2. d4 d5 3. Nc3 Nf6 4. Qd3 c5 ({RR} 4... dxe4 5. Nxe4 Nxe4 6. Qxe4 Qd5 7. Bd3 Nc6 8. c3 Qxe4+ 9. Bxe4 Bd6 10. Nf3 Bd7 11. Bd2 Ne7 12. O-O-O Bc6 13. Rhe1 Bxe4 14. Rxe4 O-O-O 15. h4 h5 16. Bg5 Rd7 17. Ne5 Bxe5 18. dxe5 Nf5 19. a4 {½-½ Predke,A (2676)-Jumabayev,R (2646) Wch Rapid Moscow 2019 (13)}) ({RR} 4... dxe4 5. Nxe4 Nxe4 6. Qxe4 Nd7 7. Nf3 Nf6 8. Qd3 Be7 9. Be2 O-O 10. O-O c5 11. Be3 cxd4 12. Qxd4 Qxd4 13. Bxd4 Rd8 14. c4 Bd7 15. Ne5 Be8 16. Rfd1 Nd7 17. Bf3 Nxe5 18. Bxe5 Bc6 19. Bxc6 {0-1 Lesbekova,A (1880)-Kashlinskaya,A (2468) Swiss Queens Wed #16 2024 (2.22)}) 5. exd5 Nxd5 $146 ({RR} 5... exd5 6. Bg5 cxd4 7. Qxd4 Be7 8. O-O-O Nc6 9. Qa4 O-O 10. Nf3 Be6 11. Nd4 Qb6 12. Be3 Qc7 13. Bd3 a6 14. Nxe6 fxe6 15. Qh4 Bb4 16. Na4 b5 17. Nc5 Qf7 18. c3 Ba5 19. Nb3 Bd8 20. Qh3 {1-0 Cartagena,O (2380)-Koploy,P (2330) California-ch 1996 (4)}) ({RR} 5... exd5 6. Bg5 cxd4 7. Qxd4 Be7 8. Bb5+ Nc6 9. Bxf6 Bxf6 10. Qc5 Be7 11. Qxd5 Qb6 12. Nf3 Be6 13. Qe4 a6 14. Bxc6+ bxc6 15. O-O O-O 16. Nd4 Bf6 17. Nxe6 fxe6 18. Qxe6+ Kh8 19. Qb3 Qc7 20. Rab1 {1-0 Bardyk,A (2268)-Janaszak,D (2308) Titled Tue 25th Jun Late 2024 (7)}) ({RR} 5... exd5 6. dxc5 Bxc5 7. Bg5 O-O 8. O-O-O Be6 9. Nf3 Nbd7 10. Nd4 Rc8 11. Kb1 Bb4 12. Nce2 Qb6 13. f3 Ne5 14. Qe3 Nc4 15. Qb3 Nd7 16. c3 Bc5 17. Qxb6 Bxb6 18. Nc1 h6 19. Bxc4 hxg5 20. Bb5 {0-1 Johnson,J (2223)-Eggleston,T (2178) Titled Tuesday intern op 7th July blitz 2020 (6)}) 6. dxc5 Bxc5 7. Ne4 Be7 8. Qg3 O-O 9. Bh6 Bf6 10. O-O-O Nd7 11. h4 Kh8 12. Bg5 Qb6 13. Nxf6 N7xf6 14. Nh3 Bd7 15. Qb3 Qxb3 16. axb3 Bc6 17. c4 Nb4 18. Bd2 a5 19. f3 Nh5 20. Bxb4 axb4 21. Bd3 Ng3 22. Rhe1 Rfd8 23. Nf2 g6 24. Bb1 Kg7 25. Nd3 Nf5 26. Nxb4 Nxh4 27. Rxd8 Rxd8 28. Nxc6 bxc6 29. Re2 Kf6 30. c5 Nf5 31. Bxf5 Kxf5 32. Kc2 e5 33. Kc3 h5 34. b4 Ke6 35. b5 cxb5 36. Kb4 Rb8 37. Rd2 g5 38. c6 f5 39. Kc5 e4 40. b4 e3 41. Re2 f4 42. Rc2 Ke5 43. c7 Rc8 44. Kxb5 Kd4 45. Kc6 Kd3 46. Rc1 Kd2 47. Ra1 e2 48. b5 e1=Q 49. Rxe1 Kxe1 50. b6 Kf2 51. b7 Rxc7+ 52. Kxc7 Kxg2 53. b8=Q g4 54. fxg4 hxg4 55. Qb2+ Kg3 56. Qe5 Kf3 57. Kd6 g3 58. Kd5 g2 59. Qe1 Kg4 60. Ke4 Kh3 61. Qd1 1-0

[Event "Olympiad Women 2024"]
[Site "Budapest HUN"]
[Date "2024.09.15"]
[Round "5.32"]
[Board "4"]
[White "Durrfeld, Sofie Bech"]
[Black "Sezdbekova, Aizhan"]
[Result "1/2-1/2"]
[WhiteElo "1937"]
[BlackElo "1799"]
[PlyCount "91"]
[EventDate "2024.09.11"]
[WhiteTeam "Denmark"]
[BlackTeam "Kyrgyzstan"]
[WhiteTeamCountry "DEN"]
[BlackTeamCountry "KGZ"]

1. e4 e5 2. Bc4 Nc6 3. Nc3 g6 4. d3 Bg7 5. Be3 ({RR} 5. f4 d6 6. Nf3 exf4 7. Bxf4 Na5 8. Bb3 Nxb3 9. axb3 Ne7 10. Qd2 h6 11. O-O-O a5 12. Rhf1 a4 13. bxa4 b5 14. e5 b4 15. Ne4 Rxa4 16. b3 Ra1+ 17. Kb2 Rxd1 18. Rxd1 Nd5 19. d4 g5 {0-1 Iljiushenok,I (2558)-Anton Guijarro,D (2671) Titled Tue 12th Mar Late 2024 (4)}) ({RR} 5. Nge2 Nge7 6. O-O O-O 7. f4 Na5 8. Bb3 Nxb3 9. axb3 d5 10. fxe5 dxe4 11. Nxe4 Bxe5 12. Bh6 Re8 13. d4 Bh8 14. Bg5 Bf5 15. Nf6+ Bxf6 16. Bxf6 Qd6 17. Be5 Qd7 18. Ng3 Nc6 19. Rxf5 gxf5 {0-1 Matyassy,L (2155)-Bagwe,G (2281) Titled Tue 9th Jul Early 2024 (9)}) 5... d6 6. a3 Nge7 $146 ({RR} 6... Be6 7. Bxe6 fxe6 8. Nf3 d5 9. Bg5 Qd7 10. O-O h6 11. Bh4 g5 12. Bg3 O-O-O 13. b4 g4 14. Nd2 h5 15. Bh4 Bf6 16. Bxf6 Nxf6 17. Na4 Qe7 18. Qb1 h4 19. c3 Rdg8 20. b5 Nd8 21. Qb4 {0-1 Orozco,L (1940)-Pachon,A (2077) COL-chT rapid (Women) 2019 (5.1)}) 7. Qd2 Be6 8. Bxe6 fxe6 9. h4 Qd7 10. h5 d5 11. Bh6 Bxh6 12. Qxh6 O-O-O 13. Nf3 gxh5 14. Rxh5 Ng6 15. O-O-O Rdf8 16. Rdh1 Nf4 17. Nxe5 Qd6 18. Nxc6 Nxh5 19. Nxa7+ Kb8 20. Rxh5 Qb6 21. Nab5 Rxf2 22. Rh1 Rhf8 23. Nd1 R2f6 24. Qxh7 Qxb5 25. g4 d4 26. Qg7 Qe8 27. g5 Rg6 28. Qxd4 Rxg5 29. Nc3 Rg2 30. Kb1 Rgf2 31. Qc5 Rf1+ 32. Rxf1 Rxf1+ 33. Ka2 Qf8 34. Qa5 Qd6 35. Qb5 Rf8 36. Na4 b6 37. Nc3 Kb7 38. e5 Qd4 39. Qb4 Qxb4 40. axb4 Rf5 41. d4 Rf4 42. Nb5 Kc6 43. Na7+ Kb7 44. Nb5 Kc6 45. Na7+ Kb7 46. Nb5 1/2-1/2

[Event "Olympiad Women 2024"]
[Site "Budapest HUN"]
[Date "2024.09.15"]
[Round "5.33"]
[Board "1"]
[White "Granados Ortiz, Maria Jose"]
[Black "Maksimovic, Masa"]
[Result "0-1"]
[WhiteElo "1935"]
[BlackElo "2093"]
[PlyCount "148"]
[EventDate "2024.09.11"]
[WhiteTeam "Nicaragua"]
[BlackTeam "Bosnia & Herzegovina"]
[WhiteTeamCountry "NCA"]
[BlackTeamCountry "BIH"]

1. e4 c5 2. Nf3 Nc6 3. d4 cxd4 4. Nxd4 Nf6 5. Nc3 d6 6. Be3 e5 7. Nb3 Be7 8. f3 Be6 9. Qd2 d5 10. exd5 Nxd5 11. Nxd5 Qxd5 12. Qxd5 Bxd5 13. O-O-O O-O-O 14. Bb5 a6 ({RR} 14... Kc7 15. Rd2 Be6 16. Rxd8 Rxd8 17. Rd1 Rxd1+ 18. Kxd1 b6 19. a4 f5 20. Nd2 Bf6 21. c3 Ne7 22. a5 Nd5 23. axb6+ axb6 24. Bf2 h5 25. h4 g6 26. Nc4 Nf4 27. Ne3 Be7 28. Bf1 Kc6 29. Kd2 {0-1 Csonka,B (2495)-So,W (2773) Titled Tuesday intern op 16th Aug Early blitz 2022 (7)}) 15. Be2 Kc7 16. c4 $146 ({RR} 16. Nc5 Nd4 17. Bxd4 exd4 18. Nb3 Rhe8 19. Bd3 Bg5+ 20. Kb1 Bxb3 {½-½ Serrahima Susany,R (2029)-Bernado Lopez,R (2153) TCh-CAT GpA Final 2024 (1.10)}) ({RR} 16. c3 f5 17. Nd2 b5 18. c4 Be6 19. cxb5 axb5 20. Bxb5 Nb4 21. Bc4 Nd3+ 22. Kc2 f4 23. Bxd3 fxe3 24. Nc4 e4 25. fxe4 Rhf8 26. Nxe3 Bg5 27. Nd5+ Bxd5 28. exd5 Rf2+ 29. Kb1 Rxd5 30. Be4 Re5 {1-0 Graf,P (2170)-Eidelson,R (2315) MK Cafe Cup-B 1998 (2)}) ({RR} 16. Rd2 h6 17. Rhd1 Bxb3 18. Rxd8 Bxd8 19. axb3 Bg5 20. Bxg5 hxg5 21. h3 Nd4 22. Bc4 f6 23. c3 Nf5 24. Be6 Nd6 25. Rd2 a5 26. Kd1 Re8 27. Bd5 Rd8 28. Ke1 b6 29. Be6 Kc6 30. Bd5+ Kd7 {½-½ Yan,N (2202)-Stearman,J (2451) 1000GM Thanksgiving GM 2023 (2.5)}) 16... Be6 17. Rxd8 Rxd8 18. Rd1 f5 19. Rxd8 Bxd8 20. Nc5 Bc8 21. Na4 Nd4 22. Bd3 g6 23. Nc3 Kd6 24. b4 Be6 25. Ne2 Nc6 26. a3 Bf6 27. Kc2 h5 28. Bc5+ Kd7 29. Be3 a5 30. Bd2 axb4 31. axb4 Be7 32. c5 Nb8 33. Bb5+ Kd8 34. Kd3 Bf6 35. Bc3 Ke7 36. Kd2 Bd5 37. Bd3 h4 38. Kc2 h3 39. gxh3 Bxf3 40. Ng1 Bd5 41. Be2 e4 42. Bxf6+ Kxf6 43. Kc3 Ke5 44. h4 f4 45. b5 f3 46. Bf1 e3 47. Kd3 e2 48. Nxe2 fxe2 49. Bxe2 Nd7 50. c6 bxc6 51. bxc6 Bxc6 52. Ke3 Nf6 53. h3 Be4 54. Bc4 Nd5+ 55. Kf2 Kf4 56. Bb5 Nf6 57. Bc4 Bf3 58. Bf7 Ne4+ 59. Ke1 Bh5 60. Bd5 Nd6 61. Kf2 Nf5 62. Bf7 Nxh4 63. Bxg6 Nxg6 64. Ke1 Ke3 65. Kf1 Nf4 66. h4 Nd3 67. Kg2 Kf4 68. Kh3 Kf3 69. Kh2 Kg4 70. Kg2 Kxh4 71. Kh2 Bf3 72. Kg1 Kg3 73. Kf1 Bg4 74. Kg1 Bh3 0-1

[Event "Olympiad Women 2024"]
[Site "Budapest HUN"]
[Date "2024.09.15"]
[Round "5.33"]
[Board "2"]
[White "Babic, Milana"]
[Black "Martinez Orozco, Cristiana Yorlene"]
[Result "1-0"]
[WhiteElo "2080"]
[BlackElo "1761"]
[PlyCount "95"]
[EventDate "2024.09.11"]
[WhiteTeam "Bosnia & Herzegovina"]
[BlackTeam "Nicaragua"]
[WhiteTeamCountry "BIH"]
[BlackTeamCountry "NCA"]

1. Nf3 d5 2. g3 Nf6 3. Bg2 Bg4 4. h3 Bf5 ({RR} 4... Bh5 5. c4 c6 6. O-O e6 7. d3 dxc4 8. dxc4 Qxd1 9. Rxd1 Nbd7 10. b3 Bc5 11. Nc3 O-O-O 12. Bb2 h6 13. Na4 Be7 14. Bd4 Kb8 15. Ne5 Nxe5 16. Bxe5+ Ka8 17. Nc3 Bb4 18. g4 Bg6 19. a3 {½-½ Meier,G (2656)-Lenderman,A (2614) Titled Tuesday intern op1 3rd May blitz 2016 (3)}) 5. O-O c6 ({RR} 5... Nbd7 6. c4 e6 7. d3 Bd6 8. Qb3 Nc5 9. Qd1 O-O 10. Nc3 Ncd7 11. Qb3 Nc5 12. Qd1 Ncd7 13. Nb5 Be7 14. Bf4 c6 15. Nd6 Bxd6 16. Bxd6 Re8 17. Nh4 dxc4 18. Nxf5 exf5 19. dxc4 Qb6 20. Qc2 {0-1 Kopylov,D (2369)-Aakash,G (2265) Titled Tue 23rd Jul Early 2024 (10)}) 6. c4 $146 ({RR} 6. d3 h6 7. Nbd2 Nbd7 8. Re1 e6 9. e4 Bh7 10. e5 Ng8 11. Qe2 c5 12. b3 Ne7 13. Bb2 Nc6 14. Nf1 Be7 15. a3 h5 16. c4 d4 17. h4 g5 18. hxg5 Bxg5 19. Bc1 Be7 20. Bf4 Bf5 {1-0 Alexopoulos,A-Psittos,K Ambelokipi op 33rd 2001 (2)}) ({RR} 6. d3 Nbd7 7. Nbd2 e5 8. Nh4 Be6 9. e4 Bc5 10. Kh2 g5 11. Nf5 Bxf5 12. exf5 Qc7 13. c4 O-O-O 14. cxd5 Nxd5 15. Ne4 f6 16. a3 Bd4 17. Rb1 h5 18. Bd2 g4 19. h4 Nc5 20. Nxc5 Bxc5 {½-½ Matz,J-Barton,D Berkeley Monday Knights 146th 2007 (14)}) ({RR} 6. d3 h6 7. c3 e6 8. Qb3 Qb6 9. Be3 Qxb3 10. axb3 a6 11. b4 Nbd7 12. b5 cxb5 13. Nd4 Bh7 14. Nxb5 Rc8 15. Na7 Rc7 16. b4 Bd6 17. Nb5 Rc6 18. Nxd6+ Rxd6 19. Nd2 O-O 20. Nb3 Rc8 {1-0 Koop,T (2407)-Wager,J (2029) Guernsey op 41st 2015 (2)}) 6... Nbd7 7. Qb3 Qb6 8. d3 dxc4 9. Qxc4 Be6 10. Qc2 h6 11. e4 Nb8 12. Nc3 g5 13. Be3 Qa5 14. b4 Qd8 15. Nd4 Bg7 16. Nxe6 fxe6 17. Qb3 Qd7 18. Rac1 O-O 19. Rfd1 Kh8 20. d4 Ne8 21. Na4 Nc7 22. b5 b6 23. bxc6 Nxc6 24. Qc3 Na5 25. Nxb6 axb6 26. Qxc7 Qa4 27. e5 Rac8 28. Qxc8 Qxd1+ 29. Rxd1 Rxc8 30. Rb1 Rb8 31. Rb4 Kg8 32. Kf1 Kf8 33. Ke2 Ke8 34. Kd3 Kd7 35. a4 Nc6 36. Rb1 Na5 37. Bd2 Nc6 38. Be4 Rd8 39. Be3 Rb8 40. Rb2 Rd8 41. Rxb6 Nxe5+ 42. dxe5 Bxe5 43. Ke2 Bc7 44. Rb7 Kd6 45. Rb5 Rc8 46. a5 Rb8 47. Rxb8 Bxb8 48. a6 1-0